Surnoms amoureux - Statistiques

Statistiques générales
  • Ce quiz a été pris 4 325 fois
  • Le résultat moyen est 6 sur 19
Statistiques - réponses
Réponse % Correct
Bébé
91%
Mon amour
83%
Mon coeur
80%
Chéri
71%
Ma vie
51%
Mon chat
42%
Chouchou
35%
Chaton
34%
Doudou
26%
Loulou
23%
Ma puce
14%
Poussin
11%
Mamour
9%
Trésor
7%
Nounours
6%
Canard
5%
Mon sucre d’orge
5%
Bichon
2%
Ma mie
1%
Aucun quiz correspondant
Distribution des résultats
% des personnes avec chaque résultat
Percentile par nombre de réponses
Votre historique - résultats
Vous n’avez pas pris ce quiz